000 00359nam a2200157Ia 4500
008 191201s2009 xx 000 0 und d
020 _a9788131724347
082 _a005.133
_bKEB
100 _aKELLEY, AL
245 0 _aBook on C Programming in C
250 _aImp.
260 _aN.Delhi
_bPearson
_c2009
300 _a726
650 _aMCA
942 _2ddc
_cBK
999 _c3738
_d3738